000 nam a22 7a 4500
999 _c8458
_d8458
008 180116b ||||| |||| 00| 0 eng d
100 _aBhattacharyya
_94856
245 _aTogether with Biology
260 _aNew Delhi
_bRachna
_c2009